=LDR 00000nam 2200000 4500 =001 INLIS000000000048195 =005 20160908133509.0 =006 =007 =008 =035 ##$$0010-091600000000012 =082 ##$$a 338.209.598 =100 ##$$a sanusi bachrawi =245 ##$$a indonesia dalam dunia perminyakan =250 ##$$a cet.1 =260 ##$$a jakarta $b universitas indonesia $c 1984 =300 ##$$a 217 hlm $c 20 cm =440 ##$$a opec dalam ujian =850 ##$$a nbpnmat =990 ##$$a 0001/BPAP-NTB/2016